000 00875nam a2200205 i 4500
001 124926
003 ES-MaACL
005 20260127062545.0
007 t|
008 070424s1920 sp ||||1| spa d
100 1 _aMaluquer y Salvador, José.
_975885
245 1 0 _aModalidades de mayor integración del pais en las funciones del Estado, para la continuidad y eficacia de las orientaciones nacionales /
_cconferencia de José Maluquer y Salvador.
300 _a18 p. ;
_c21 cm.
490 1 _aPublicaciones del Instituto Nacional de Previsión ;
_v90
500 _aPronunciada el 13 de diciembre de 1919 en la Real Academia de Jurisprudencia.
700 _aReal Academia de Jurisprudencia y Legislación de España
_9217612
830 0 _aPublicaciones del Instituto Nacional de Previsión ;
_v90
_9181151
852 _aES-MaACL
_jC-12624(5)
999 _c124926
_d124926